|
|
|
|
| LEADER |
00000nam0a2200000 4500 |
| 001 |
25678 |
| 005 |
20231101205704.0 |
| 010 |
|
|
|a 571550774X
|
| 035 |
|
|
|a (RuTPU)RU\TPU\book\25915
|
| 035 |
|
|
|a BOOK00025990
|
| 090 |
|
|
|a 25678
|
| 100 |
|
|
|a 20011209d2000 km y0rusy50 ca
|
| 101 |
1 |
|
|a rus
|c eng
|
| 102 |
|
|
|a RU
|
| 105 |
|
|
|a y z 000zy
|
| 200 |
1 |
|
|a Саммерхилл - воспитание свободой
|e пер. с англ.
|f А. Нилл
|
| 210 |
|
|
|a Москва
|c Педагогика-Пресс
|d 2000
|
| 215 |
|
|
|a 296 с.
|
| 606 |
1 |
|
|a Педагогика общая
|2 stltpush
|3 (RuTPU)RU\TPU\subj\48422
|9 67292
|
| 610 |
1 |
|
|a педагогика
|
| 610 |
1 |
|
|a психология
|
| 610 |
1 |
|
|a воспитание
|
| 610 |
1 |
|
|a обучение
|
| 610 |
1 |
|
|a дети
|
| 610 |
1 |
|
|a родители
|
| 610 |
1 |
|
|a семейная педагогика
|
| 610 |
1 |
|
|a мораль
|
| 610 |
1 |
|
|a нравственное воспитание
|
| 610 |
1 |
|
|a секс
|
| 610 |
1 |
|
|a половое воспитание
|
| 686 |
|
|
|a Ч31
|v LBC/SL-A
|2 rubbk
|
| 686 |
|
|
|a Ч49
|v LBC/SL-A
|2 rubbk
|
| 700 |
|
1 |
|a Нилл
|b А.
|g Александр
|
| 801 |
|
0 |
|a RU
|b 63413507
|c 20011209
|g PSBO
|
| 801 |
|
2 |
|a RU
|b 63413507
|c 20130415
|g PSBO
|
| 942 |
|
|
|c BK
|